Harry Houdini : (Record no. 149)
[ view plain ]
| 000 -LEADER | |
|---|---|
| fixed length control field | 01584nam a22003977a 4500 |
| 001 - CONTROL NUMBER | |
| control field | 149 |
| 003 - CONTROL NUMBER IDENTIFIER | |
| control field | FISKH |
| 005 - DATE AND TIME OF LATEST TRANSACTION | |
| control field | 20230301110913.0 |
| 008 - FIXED-LENGTH DATA ELEMENTS--GENERAL INFORMATION | |
| fixed length control field | 230301b cb ||||| |||| 00| 0 eng d |
| 040 ## - CATALOGING SOURCE | |
| Original cataloging agency | DLC |
| Transcribing agency | DLC |
| Modifying agency | DLC |
| -- | FISKH |
| Language of cataloging | eng |
| 042 ## - AUTHENTICATION CODE | |
| Authentication code | lcac |
| 043 ## - GEOGRAPHIC AREA CODE | |
| Geographic area code | n-us--- |
| 050 00 - LIBRARY OF CONGRESS CALL NUMBER | |
| Classification number | GV1545.H8 |
| Item number | B6 1991 |
| 082 00 - DEWEY DECIMAL CLASSIFICATION NUMBER | |
| Classification number | 793.8/092 |
| -- | B |
| -- | 92 |
| Edition number | 20 |
| 100 1# - MAIN ENTRY--PERSONAL NAME | |
| Personal name | Borland, Kathryn Kilby. |
| 245 10 - TITLE STATEMENT | |
| Title | Harry Houdini : |
| Remainder of title | young magician / |
| Statement of responsibility, etc. | by Kathryn Kilby Borland and Helen Ross Speicher ; illustrated by Fred Irvin. |
| 250 ## - EDITION STATEMENT | |
| Edition statement | 1st Aladdin Books ed. |
| 260 ## - PUBLICATION, DISTRIBUTION, ETC. | |
| Place of publication, distribution, etc. | New York : |
| Name of publisher, distributor, etc. | Macmillan ; |
| Place of publication, distribution, etc. | Toronto : |
| Name of publisher, distributor, etc. | Collier Macmillan Canada ; |
| Place of publication, distribution, etc. | New York : |
| Name of publisher, distributor, etc. | Maxwell Macmillan International Pub. Group, |
| Date of publication, distribution, etc. | 1991. |
| 300 ## - PHYSICAL DESCRIPTION | |
| Extent | 192 p. : |
| Other physical details | ill. ; |
| Dimensions | 19 cm. |
| 500 ## - GENERAL NOTE | |
| General note | "Aladdin books." |
| 500 ## - GENERAL NOTE | |
| General note | Reprint. Originally published under title: Harry Houdini, boy magician. 1969. |
| 505 ## - FORMATTED CONTENTS NOTE | |
| Formatted contents note | M |
| 520 ## - SUMMARY, ETC. | |
| Summary, etc. | A biography of Harry Houdini concentrating on his earlier years and the training that made him a master magician and escape artist. |
| 521 8# - TARGET AUDIENCE NOTE | |
| Target audience note | 710 |
| Source | Lexile |
| 521 8# - TARGET AUDIENCE NOTE | |
| Target audience note | M |
| Source | Raz-Pas |
| 600 10 - SUBJECT ADDED ENTRY--PERSONAL NAME | |
| Personal name | Houdini, Harry, |
| Dates associated with a name | 1874-1926 |
| Form subdivision | Juvenile literature. |
| 600 11 - SUBJECT ADDED ENTRY--PERSONAL NAME | |
| Personal name | Houdini, Harry, |
| Dates associated with a name | 1874-1926. |
| 650 #0 - SUBJECT ADDED ENTRY--TOPICAL TERM | |
| Topical term or geographic name entry element | Magicians |
| Geographic subdivision | United States |
| Form subdivision | Biography |
| -- | Juvenile literature. |
| 650 #0 - SUBJECT ADDED ENTRY--TOPICAL TERM | |
| Topical term or geographic name entry element | Escape artists |
| Geographic subdivision | United States |
| Form subdivision | Biography |
| -- | Juvenile literature. |
| 650 #1 - SUBJECT ADDED ENTRY--TOPICAL TERM | |
| Topical term or geographic name entry element | Magicians. |
| 700 1# - ADDED ENTRY--PERSONAL NAME | |
| Personal name | Speicher, Helen Ross. |
| 700 1# - ADDED ENTRY--PERSONAL NAME | |
| Personal name | Irvin, Fred M., |
| Relator term | ill. |
| 700 1# - ADDED ENTRY--PERSONAL NAME | |
| Personal name | Borland, Kathryn Kilby. |
| Title of a work | Harry Houdini, boy magician. |
| 906 ## - LOCAL DATA ELEMENT F, LDF (RLIN) | |
| a | 7 |
| b | cbc |
| c | orignew |
| d | 1 |
| e | ocip |
| f | 19 |
| g | y-gencatlg |
| 942 ## - ADDED ENTRY ELEMENTS (KOHA) | |
| Source of classification or shelving scheme | Dewey Decimal Classification |
| Koha item type | Books |
| Suppress in OPAC | No |
| Withdrawn status | Lost status | Source of classification or shelving scheme | Damaged status | Not for loan | Collection | Home library | Current library | Shelving location | Date acquired | Total Checkouts | Full call number | Barcode | Date last seen | Date last checked out | Price effective from | Koha item type |
|---|---|---|---|---|---|---|---|---|---|---|---|---|---|---|---|---|
| Dewey Decimal Classification | Non-Fiction | Footprints International School Library Network Toul Kork Campus | Footprints International School Library Network Toul Kork Campus | TK Primary Library Room(4th Floor), Bookcase 5&6, Shelves 33-56, Orange Books | 03/01/2023 | 2 | BOR 793.8092 GV1545.H8 | FISTK00057 | 10/03/2025 | 09/12/2025 | 03/01/2023 | Books |
